Anizotermický rozpad austenitu v podmienkach zvárania pri numerickej simulácii zváracieho procesu : Diplomová práca

Guardado en:
Detalles Bibliográficos
Autor principal: Baľák, Juraj (Autor)
Otros Autores: Magula, Vladimír, 1950- (xxx)
Formato: Manuscrito Libro
Lenguaje:eslovaco
Publicado: Trnava : STU v Bratislave MtF KMI, 1999
Materias:
Etiquetas: Agregar Etiqueta
Sin Etiquetas, Sea el primero en etiquetar este registro!

MARC

LEADER 00000ntm a22000003a 4500
001 stu85592
005 20160719154817.1
008 040402s1999----xo------------------slo-d
040 |a STU  |b slo 
041 0 |a slo 
044 |a xo 
100 1 |a Baľák, Juraj  |4 aut 
245 1 |a Anizotermický rozpad austenitu v podmienkach zvárania pri numerickej simulácii zváracieho procesu :  |b Diplomová práca 
260 |a Trnava :  |b STU v Bratislave MtF KMI,  |c 1999 
300 |a 61 s 
650 7 |a materiálové inžinierstvo  |2 stusub 
650 7 |a kovové a nekovové materiály  |2 stusub 
700 1 |a Magula, Vladimír,  |d 1950-  |4 xxx  |u M1000  |U MTF Materiálovotechnologická fakulta  |T MTF Ústav materiálov  |X 3517  |U M1000  |Y 81  |7 A000003517